000 00306nam a2200133Ia 4500
005 20251222144918.0
008 251222s9999||||xx |||||||||||||| ||spa||
020 _a0-07-051084-9
082 _a658.409.2/Q43
100 _aQuigley, Joseph V.
245 0 _aVisión:
264 _bMcGraw-Hill
942 _cLIB
999 _c22616
_d22616